<?xml version="1.0" encoding="utf-8"?>
<?xml-stylesheet type='text/xsl' href='./oai2.xsl'?>
<OAI-PMH xmlns="http://www.openarchives.org/OAI/2.0/" xmlns:xsi="http://www.w3.org/2001/XMLSchema-instance" xsi:schemaLocation="http://www.openarchives.org/OAI/2.0/ http://www.openarchives.org/OAI/2.0/OAI-PMH.xsd">
  <responseDate>2026-06-07T14:41:15Z</responseDate>
  <request verb="GetRecord" metadataPrefix="marcxml" identifier="record_kuniweb_1291400">https://kulturerbe.niedersachsen.de/oai</request>
  <GetRecord>
    <record>
      <header>
        <identifier>record_kuniweb_1291400</identifier>
        <datestamp>2018-08-17T07:05:05Z</datestamp>
        <setSpec>slg0206</setSpec>
      </header>
      <metadata>
        <marc:record xmlns:marc="http://www.loc.gov/MARC21/slim" xsi:schemaLocation="http://www.loc.gov/MARC21/slim http://www.loc.gov/standards/marcxml/schema/MARC21slim.xsd">
          <marc:leader>12345nrm  22     uu 4500</marc:leader>
          <marc:controlfield tag="001">1291400</marc:controlfield>
          <marc:controlfield tag="003">http://kuniweb.gbv.de</marc:controlfield>
          <marc:controlfield tag="005">2018-03-25T12:40:41</marc:controlfield>
          <marc:controlfield tag="008">|           ||||||||||||||||||||||</marc:controlfield>
          <marc:datafield tag="245" ind1="1" ind2="0">
            <marc:subfield code="a">Blaudruckmodel</marc:subfield>
          </marc:datafield>
          <marc:datafield tag="655" ind1=" " ind2="7">
            <marc:subfield code="a">Kunsthandwerk</marc:subfield>
          </marc:datafield>
          <marc:datafield tag="046" ind1=" " ind2=" ">
            <marc:subfield code="k">1913</marc:subfield>
            <marc:subfield code="k">vor 1913 (1913 als Leihgabe ins Museum gelangt.)</marc:subfield>
          </marc:datafield>
          <marc:datafield tag="260" ind1=" " ind2=" ">
            <marc:subfield code="g">1913</marc:subfield>
            <marc:subfield code="g">vor 1913 (1913 als Leihgabe ins Museum gelangt.)</marc:subfield>
          </marc:datafield>
          <marc:datafield tag="300" ind1=" " ind2=" ">
            <marc:subfield code="a">Länge: 17 cm
Breite: 16,5 cm
Höhe: 4,5 cm</marc:subfield>
          </marc:datafield>
          <marc:datafield tag="520" ind1=" " ind2=" ">
            <marc:subfield code="a">Fast quadratisches Model aus zwei Schichten Holz: Unterteil mit zwei Griffmulden. Das Oberteil mit erhabenem diagonal angeordnetem Blütenmuster aus Messingstiften und -plättchen in unterschiedlichen Stärken. An drei Ecken Rapportstifte. Auf einer Seite ist die Zahl 68 aufgemalt. Die Rapportstifte ermöglichen dem Blaudrucker das nahtlose Ansetzen an den vorherigen Abdruck. 
Mit den Modeln (Druckstöcken werden die Muster nicht aufgedruckt, sondern aufgespart. Auf das Musterrelief der Model wird der "Papp", eine farbabstoßende Masse, aufgebracht und auf den Stoff übertragen. Ist dieser mit Waid oder Indigo gefärbt, wird der Papp wieder ausgewaschen. Die Muster stehen dann in der Naturfarbe des Stoffes auf dem Grunde. (Inventarisation und Vitrinentext)

Aufschrift:
68 (Auf einer Seite ist die Zahl "68" aufgemalt.)

Verwendungszweck:
Stoffe mit Muster versehen

Gebrauchsort:
Northeim (Niedersachsen)

Literatur in Zusammenhang:
Goerschel, Hans-Jürgen: Blaudruck - ein altes Handwerk, Aurich 1982. Pesch,Dieter (Hrsg.): Altes Handwerk, Köln 1981.</marc:subfield>
          </marc:datafield>
          <marc:datafield tag="650" ind1="1" ind2=" ">
            <marc:subfield code="a">Stoffdruck</marc:subfield>
          </marc:datafield>
          <marc:datafield tag="650" ind1="1" ind2=" ">
            <marc:subfield code="a">Kunsthandwerk</marc:subfield>
          </marc:datafield>
          <marc:datafield tag="650" ind1="1" ind2=" ">
            <marc:subfield code="a">Blaudruck</marc:subfield>
          </marc:datafield>
          <marc:datafield tag="650" ind1="1" ind2=" ">
            <marc:subfield code="a">Druckmodel</marc:subfield>
          </marc:datafield>
          <marc:datafield tag="650" ind1="1" ind2=" ">
            <marc:subfield code="a">Model, Form</marc:subfield>
          </marc:datafield>
          <marc:datafield tag="650" ind1="1" ind2=" ">
            <marc:subfield code="a">Geräte für den Druckvorgang (Blaudrucker)</marc:subfield>
          </marc:datafield>
          <marc:datafield tag="773" ind1="0" ind2=" ">
            <marc:subfield code="t">Handwerk und Gilden</marc:subfield>
          </marc:datafield>
          <marc:datafield tag="852" ind1=" " ind2=" ">
            <marc:subfield code="a">Heimatmuseum Northeim</marc:subfield>
          </marc:datafield>
          <marc:datafield tag="" ind1=" " ind2=" ">
            <marc:subfield code="a">Namensnennung 4.0 International (CC BY 4.0)</marc:subfield>
          </marc:datafield>
        </marc:record>
      </metadata>
    </record>
  </GetRecord>
</OAI-PMH>
